Borja Huidobro + A4 arquitectos. A4 arquitectos + Borja Huidobro. Works & projects 1996-2016.
Bewaard in:
| Formaat: | Boek |
|---|---|
| Gepubliceerd in: |
Santiago, Chile:
A4 Ediciones,
2016.
|
| Onderwerpen: | |
| Tags: |
Voeg label toe
Geen labels, Wees de eerste die dit record labelt!
|
MARC
| LEADER | 00000nam a22000007a 4500 | ||
|---|---|---|---|
| 003 | CL-VaPUC | ||
| 005 | 20220922105224.0 | ||
| 008 | 220912b2016 ||||| |||| 00| 0 eng d | ||
| 999 | |c 438689 |d 438687 | ||
| 020 | |a 978-956-9887-00-0 | ||
| 040 | |c Pontificia Universidad Católica de Valparaíso | ||
| 082 | |2 22 |a 720.9 BOR 2016 | ||
| 245 | |a Borja Huidobro + A4 arquitectos. A4 arquitectos + Borja Huidobro. |b Works & projects 1996-2016. | ||
| 260 | |a Santiago, Chile: |b A4 Ediciones, |c 2016. | ||
| 300 | |a 321 páginas. | ||
| 500 | |a c.1. Donación Biblioteca Arquitectura. Memo ARQ 11/2022. 05/09/2022 | ||
| 583 | |c 20220912 |k Catalogador Asistente | ||
| 650 | 0 | |9 260501 |a Edificios |x Arquitectura y diseño |x Proyectos de trabajos |z Chile | |
| 650 | 0 | |a Edificios |x Arquitectura y diseño |x Proyectos de trabajos |z Dubai |9 876661 | |
| 650 | 0 | |9 389370 |a Construcción de edificios |z Chile |z Dubai | |
| 942 | |2 ddc |c BK | ||
| 952 | |0 0 |1 0 |2 ddc |4 0 |6 720_900000000000000_BOR_2016 |7 0 |8 A |9 586660 |a BIBARQ |b BIBARQ |c GEN |d 2022-09-12 |e Donación |i 5654627 |l 2 |o 720.9 BOR 2016 |p 5654627 |r 2025-01-20 |s 2023-12-07 |t 1 |w 2022-09-12 |y BK |k ARQ | ||